000 00780nam a22002777a 4500
003 UA-OsUOA
001 26166
007 ta
008 20040517b un ||||| |||| 00| 0 ukr d
100 _aГорнштейн П.И.
700 _aПоляк Н.Н.
700 _aТульчинский В.К.
090 _a51(076.2)
_bГ69
942 _cBK
040 _aUA-OsUOA
_brus
_cUA-OsUOA
_dUA-OsUOA
245 _aРешение конкурсных задач по математике
_bиз сборника под редакцией М.И. Сканави
300 _a232 с.
955 _a2
041 _arus
080 _a51(076.2)
020 _a5-85757-034-4
260 _aМосква
_bИнфолайн
_c1995
044 _aRU
650 7 _2UDC
999 _c312479
_d312479